| 000 | 00594nam a2200181Ia 4500 | ||
|---|---|---|---|
| 003 | GCL | ||
| 008 | 140319s9999 xx 000 0 ara d | ||
| 040 |
_aGCL / _cGCL |
||
| 082 | 0 | 4 |
_a301.412 _bس م |
| 100 | 1 | _aسعيد عاشور | |
| 245 | 1 | 0 |
_aالمرأة والمؤسسات الاجتماعية فى الحضارة العربية / _cسعيد عاشور |
| 300 | _a87 ص | ||
| 490 |
_aموسوعة الحضارة العربية الاسلامية _v0 |
||
| 650 | 0 | 4 | _aالمرأة |
| 650 | 0 | 4 | _aالاجتماع، علم |
| 650 | 0 | 4 | _aالمرأة فى المجتمع |
| 942 |
_2ddc _cBK |
||
| 999 |
_c48172 _d48172 |
||